Príčiny, dôsledky a možné riešenia podnikových kríz v Slovenskej republike
Riziká ovplyvňujúce činnosť podnikov. Typy podnikových kríz a všeobecné prejavy krízového stavu. Analýza rizík a prevencia ochrany pred podnikovými krízami.
Salvato in:
| Autore principale: | |
|---|---|
| Natura: | Capitolo di libro |
| Lingua: | slovacco |
| Soggetti: | |
| Tags: |
Nessun Tag, puoi essere il primo ad aggiungerne!!
|
MARC
| LEADER | 00000naa$a2200000$$$4500 | ||
|---|---|---|---|
| 001 | 0207054 | ||
| 005 | 20240502083517.7 | ||
| 041 | 0 | |a slo | |
| 044 | |a PL | ||
| 245 | 1 | 0 | |a Príčiny, dôsledky a možné riešenia podnikových kríz v Slovenskej republike |c Iveta Sedláková |
| 520 | |a Riziká ovplyvňujúce činnosť podnikov. Typy podnikových kríz a všeobecné prejavy krízového stavu. Analýza rizík a prevencia ochrany pred podnikovými krízami. | ||
| 610 | 2 | 0 | |a manažment krízový |
| 610 | 2 | 0 | |a riadenie zmien |
| 610 | 2 | 0 | |a kríza podniku |
| 610 | 2 | 0 | |a rozhodovanie manažérske |
| 610 | 2 | 0 | |a analýza ekonomická |
| 100 | 1 | |a Sedláková, Iveta | |